<?xml version="1.0" encoding="UTF-8"?>
<record
    xmlns:xsi="http://www.w3.org/2001/XMLSchema-instance"
    xsi:schemaLocation="http://www.loc.gov/MARC21/slim http://www.loc.gov/standards/marcxml/schema/MARC21slim.xsd"
    xmlns="http://www.loc.gov/MARC21/slim">

  <leader>01511nam a22002537a 4500</leader>
  <controlfield tag="005">20120203111810.0</controlfield>
  <datafield tag="010" ind1=" " ind2=" ">
    <subfield code="a">B-452556-560</subfield>
  </datafield>
  <datafield tag="020" ind1=" " ind2=" ">
    <subfield code="a">8125029125</subfield>
    <subfield code="c">775.00</subfield>
  </datafield>
  <datafield tag="020" ind1=" " ind2=" ">
    <subfield code="a">9788125029120</subfield>
    <subfield code="c">775.00</subfield>
  </datafield>
  <datafield tag="035" ind1=" " ind2=" ">
    <subfield code="a">B-452556-560</subfield>
  </datafield>
  <datafield tag="037" ind1=" " ind2=" ">
    <subfield code="b">Virtuous Pub./Ven</subfield>
  </datafield>
  <datafield tag="100" ind1=" " ind2=" ">
    <subfield code="a">Adiga,Malini</subfield>
    <subfield code="9">42419</subfield>
  </datafield>
  <datafield tag="245" ind1=" " ind2=" ">
    <subfield code="a">The making of Southern Karnataka :</subfield>
    <subfield code="b">society,polity and culture in the early medieval period /</subfield>
    <subfield code="c">by Malini Adiga</subfield>
  </datafield>
  <datafield tag="260" ind1=" " ind2=" ">
    <subfield code="a">New Delhi</subfield>
    <subfield code="b">Orient Longman</subfield>
    <subfield code="c">2006</subfield>
  </datafield>
  <datafield tag="270" ind1=" " ind2=" ">
    <subfield code="a">1/24 Asaf Ali Road,</subfield>
    <subfield code="b">New Delhi</subfield>
    <subfield code="e">110002</subfield>
  </datafield>
  <datafield tag="300" ind1=" " ind2=" ">
    <subfield code="a">vi,451p,</subfield>
    <subfield code="c">22cm(Hb)</subfield>
  </datafield>
  <datafield tag="500" ind1=" " ind2=" ">
    <subfield code="a">Includes index</subfield>
  </datafield>
  <datafield tag="942" ind1=" " ind2=" ">
    <subfield code="2">ddc</subfield>
    <subfield code="c">EN</subfield>
    <subfield code="m">ADI</subfield>
  </datafield>
  <datafield tag="999" ind1=" " ind2=" ">
    <subfield code="c">61875</subfield>
    <subfield code="d">61875</subfield>
  </datafield>
  <datafield tag="952" ind1=" " ind2=" ">
    <subfield code="0">0</subfield>
    <subfield code="1">0</subfield>
    <subfield code="4">0</subfield>
    <subfield code="7">0</subfield>
    <subfield code="8">NFIC</subfield>
    <subfield code="a">L</subfield>
    <subfield code="b">L</subfield>
    <subfield code="d">2012-02-17</subfield>
    <subfield code="e">Virtuous Pub./686/14.10.11/05/15.9.11/29.11.11</subfield>
    <subfield code="g">775.00</subfield>
    <subfield code="l">0</subfield>
    <subfield code="o">954.32 ADI</subfield>
    <subfield code="p">B-452556</subfield>
    <subfield code="r">2012-02-17 00:00:00</subfield>
    <subfield code="t">1</subfield>
    <subfield code="v">775.00</subfield>
    <subfield code="w">2012-02-17</subfield>
    <subfield code="y">EN</subfield>
  </datafield>
  <datafield tag="952" ind1=" " ind2=" ">
    <subfield code="0">0</subfield>
    <subfield code="1">0</subfield>
    <subfield code="4">0</subfield>
    <subfield code="7">0</subfield>
    <subfield code="8">NFIC</subfield>
    <subfield code="a">BL1</subfield>
    <subfield code="b">BL1</subfield>
    <subfield code="d">2012-02-17</subfield>
    <subfield code="e">Virtuous Pub./686/14.10.11/05/15.9.11/29.11.11</subfield>
    <subfield code="g">775.00</subfield>
    <subfield code="l">0</subfield>
    <subfield code="o">954.32 ADI</subfield>
    <subfield code="p">B-452557</subfield>
    <subfield code="r">2012-02-17 00:00:00</subfield>
    <subfield code="t">1</subfield>
    <subfield code="v">775.00</subfield>
    <subfield code="w">2012-02-17</subfield>
    <subfield code="y">EN</subfield>
  </datafield>
  <datafield tag="952" ind1=" " ind2=" ">
    <subfield code="0">0</subfield>
    <subfield code="1">0</subfield>
    <subfield code="4">0</subfield>
    <subfield code="7">0</subfield>
    <subfield code="8">NFIC</subfield>
    <subfield code="a">ZLS</subfield>
    <subfield code="b">ZLS</subfield>
    <subfield code="d">2012-02-17</subfield>
    <subfield code="e">Virtuous Pub./686/14.10.11/05/15.9.11/29.11.11</subfield>
    <subfield code="g">775.00</subfield>
    <subfield code="l">2</subfield>
    <subfield code="m">1</subfield>
    <subfield code="o">954.32 ADI</subfield>
    <subfield code="p">B-452558</subfield>
    <subfield code="r">2020-12-30 00:00:00</subfield>
    <subfield code="s">2020-11-24</subfield>
    <subfield code="t">1</subfield>
    <subfield code="v">775.00</subfield>
    <subfield code="w">2012-02-17</subfield>
    <subfield code="y">EN</subfield>
  </datafield>
  <datafield tag="952" ind1=" " ind2=" ">
    <subfield code="0">0</subfield>
    <subfield code="1">0</subfield>
    <subfield code="4">0</subfield>
    <subfield code="7">0</subfield>
    <subfield code="8">NFIC</subfield>
    <subfield code="a">BL3</subfield>
    <subfield code="b">BL3</subfield>
    <subfield code="d">2012-02-17</subfield>
    <subfield code="e">Virtuous Pub./686/14.10.11/05/15.9.11/29.11.11</subfield>
    <subfield code="g">775.00</subfield>
    <subfield code="l">0</subfield>
    <subfield code="o">954.32 ADI</subfield>
    <subfield code="p">B-452559</subfield>
    <subfield code="r">2012-02-17 00:00:00</subfield>
    <subfield code="t">1</subfield>
    <subfield code="v">775.00</subfield>
    <subfield code="w">2012-02-17</subfield>
    <subfield code="y">EN</subfield>
  </datafield>
  <datafield tag="952" ind1=" " ind2=" ">
    <subfield code="0">0</subfield>
    <subfield code="1">0</subfield>
    <subfield code="4">0</subfield>
    <subfield code="7">0</subfield>
    <subfield code="8">NFIC</subfield>
    <subfield code="a">BL4</subfield>
    <subfield code="b">BL4</subfield>
    <subfield code="d">2012-02-17</subfield>
    <subfield code="e">Virtuous Pub./686/14.10.11/05/15.9.11/29.11.11</subfield>
    <subfield code="g">775.00</subfield>
    <subfield code="l">1</subfield>
    <subfield code="o">954.32 ADI</subfield>
    <subfield code="p">B-452560</subfield>
    <subfield code="r">2022-07-04 00:00:00</subfield>
    <subfield code="s">2022-06-20</subfield>
    <subfield code="t">1</subfield>
    <subfield code="v">775.00</subfield>
    <subfield code="w">2012-02-17</subfield>
    <subfield code="y">EN</subfield>
  </datafield>
</record>
